| 000 | 00699nam a2200193 i 4500 | ||
|---|---|---|---|
| 001 | 118460 | ||
| 003 | ES-MaACL | ||
| 005 | 20230906191113.0 | ||
| 007 | t| | ||
| 008 | 070214s1978 sp r ||||1| spa d | ||
| 100 | 1 |
_aPesson, Paul. _991452 |
|
| 245 | 1 | 0 |
_aEcología forestal _b: el bosque : clima, suelo, árboles, fauna / _cobra colectiva presentada por Paul Pesson ; con la participación de J. Pardé [et. al.] ; versión de Helios Sainz Ollero. |
| 260 |
_aMadrid : _bMundi-Prensa, _c1978. |
||
| 300 |
_a393 p. : _bil. ; _c24 cm. |
||
| 650 | 4 |
_aEcología forestal. _9164582 |
|
| 700 | 1 |
_aPardé, J. _988942 |
|
| 700 | 1 |
_aSainz Ollero, Helios. _9101605 |
|
| 852 |
_aES-MaACL _jC-53409 _bR.100591 |
||
| 999 |
_c118460 _d118460 |
||